000 00486nam a22002057a 4500
003 OSt
005 20241028133921.0
008 241028b |||||||| |||| 00| 0 eng d
020 _a978-0-19-809632-0
040 _cTrident
082 _a620.1
_bBHA
100 _aBasudeb Bhattacharyya
245 _aEngineering Mechanics
250 _a2nd
260 _aNew Delhi
_bOxford
_c2022
300 _axix,792p;
500 _aBook Quantity-10
650 _aMechanics
942 _2ddc
_cBK
_n0
999 _c61128
_d61128